| 000 | 01023nam a2200313 i 4500 | ||
|---|---|---|---|
| 001 | 169549 | ||
| 003 | ES-MaACL | ||
| 005 | 20250827062637.0 | ||
| 008 | 081010s2008 sp |||| | spa d | ||
| 017 | _aM 36.063-2008 | ||
| 020 | _a978-84-309-4739-3 | ||
| 080 | _a347.7(460)"1885"(094.4) | ||
| 080 | _a347.7(460)"19/20"(094.5) | ||
| 110 | 1 |
_aEspaña _93622 |
|
| 240 | 1 | 0 | _aCódigo de comercio, 1885 |
| 245 | 1 | 0 |
_aCódigo de comercio y legislación mercantil / _cedición preparada por Ignacio Arroyo Martínez. |
| 250 | _a24ª ed. | ||
| 260 |
_aMadrid : _bTecnos, _c2008. |
||
| 300 |
_a2210 p. ; _c17 cm. |
||
| 490 | 1 |
_aBiblioteca de textos legales ; _v3 |
|
| 500 | _aÍndice. | ||
| 500 | _aEn cub.: "Edición actualizada septiembre de 2008" | ||
| 650 | 0 | 4 |
_aDerecho mercantil- _zEspaña _911735 |
| 700 | 0 |
_aArroyo Martínez, Ignacio. _923375 |
|
| 830 | 0 |
_aBiblioteca de textos legales ; _v3 _9177271 |
|
| 852 | 4 |
_aES-MaACL _jMesetón _9R.143970 |
|
| 942 | _2udc | ||
| 999 |
_c169549 _d169549 |
||